00377 a2200145 4500003000400000005001700004008004100021020001800062040000900080082001800089100001600107245006000123250001200183260003600195OSt20210804131809.0210804b ||||| |||| 00| 0 eng d a9788193043769 coclc a543.57bKUM/O aKumar, Ajai aOrganometallic and Bioinorganic Chemistry /cAjai Kumar a4th ed. aU P:bAaryush Education,c2021.